| 000 | 00695nam a2200181Ia 4500 | ||
|---|---|---|---|
| 008 | 210430s9999 xx 000 0 und d | ||
| 020 | _a978-0130144904 | ||
| 082 | _a658.7 A742 I | ||
| 100 | _aArnold, J.R. Tony. | ||
| 245 |
_aIntroduction to materials management / _cArnold, J.R. Tony. |
||
| 250 | _a4th edition | ||
| 260 |
_a[S.l.] : _bPrentice Hall, _c2000 |
||
| 300 | _a466 p. ; | ||
| 856 |
_uhttp://10.250.8.41:8080/xmlui/handle/123456789/46647 _yFor 6th edition Click here |
||
| 856 |
_uhttp://10.250.8.41:8080/xmlui/handle/123456789/46648 _yFor 8th edition Click here |
||
| 856 |
_uhttp://10.250.8.41:8080/xmlui/handle/123456789/46690 _yFor 4th edition click here |
||
| 942 |
_2ddc _cBK |
||
| 999 |
_c563010 _d563010 |
||